[Event "Cuban Challenge"]
[Site "http://www.queenalice.com/game.php?id=923104"]
[Date "2011.4.7"]
[Round "-"]
[White "C11"]
[Black "Demig"]
[Result "1-0"]
[WhiteElo "1604"]
[BlackElo "1461"]

1. e4 Nc6 2. d4 d5 3. e5 e6 4. Bb5 Bb4+ 5. c3 Ba5 6. Bxc6+ bxc6 7. Qa4 Qh4 8.
Qxc6+ Kd8 9. Qxa8 Qe4+ 10. Ne2 Qc2 11. Qxa7 Bxc3+ 12. bxc3 Qd3 13. Qc5 Bb7 14.
Ba3 Ba6 15. Qf8+ Kd7 16. Qxf7+ Kd8 17. Qf3 Qxf3 18. gxf3 Nh6 19. Ng3 g6 20. h3
Nf5 21. Nxf5 gxf5 22. f4 Rg8 23. Nd2 Rg2 24. Nf3 h5 25. Rg1 Rxg1+ 26. Nxg1 Kc8
27. Nf3 Kd8 28. Rb1 Kc8 29. Ng5 Bd3 30. Rb3 Kd7 31. Kd2 Bc4 32. Rb8 Bxa2 33. Rh8
Kc6 34. Rxh5 Kb7 35. Nxe6 Kc6 36. Rh6 Kb5 37. Nxc7+ Kc4 38. Bc5 1-0

[Event "Challenge"]
[Site "http://www.queenalice.com/game.php?id=923700"]
[Date "2011.4.8"]
[Round "-"]
[White "MIngu"]
[Black "Demig"]
[Result "1-0"]
[WhiteElo "1643"]
[BlackElo "1470"]

1. d4 d5 2. c4 Be6 3. cxd5 Qxd5 4. Nc3 Qc4 5. e4 Qc6 6. Bb5 Nf6 7. d5 Nxd5 8.
exd5 Bxd5 9. Qxd5 Nd7 10. Bxc6 bxc6 11. Qxc6 Rb8 12. Qxc7 e6 13. Bg5 f6 14. Be3
g6 15. O-O-O Rd8 16. Ne4 Be7 17. Nf3 O-O 18. Kb1 f5 19. Neg5 Kg7 20. Nxe6+ Kf7
21. Nxd8+ Bxd8 22. Rxd7+ Kg8 23. Rg7+ Kh8 24. Rxh7+ Kg8 25. Qg7# 1-0

[Event "Let's Play Chess!"]
[Site "http://www.queenalice.com/game.php?id=925720"]
[Date "2011.4.14"]
[Round "-"]
[White "Demig"]
[Black "rumplestiltskin"]
[Result "0-1"]
[WhiteElo "1451"]
[BlackElo "1100"]

1. d4 d5 2. Bf4 Nc6 3. Nf3 h6 4. g3 Nf6 5. Ne5 Nxe5 6. Bxe5 e6 7. e3 Bd6 8. Bxd6
Qxd6 9. Nc3 O-O 10. Qd3 Re8 11. O-O-O a6 12. Bg2 c6 13. Na4 Nd7 14. Qa3 Qxa3 15.
bxa3 b5 16. Nc3 c5 17. a4 b4 18. Nxd5 exd5 19. Bxd5 Rb8 20. g4 Nf6 21. Bc6 Nd7
22. d5 Re4 23. h3 Nf6 24. Rdg1 Bd7 25. Rd1 Rc8 26. Bb7 Rb8 27. Bxa6 Bxa4 28.
Rhe1 Rbe8 29. f3 Rxe3 30. f4 Rxe1 31. Rxe1 Rxe1+ 32. Kd2 Rh1 33. d6 Rxh3 34. Bc8
Ne4+ 35. Ke2 Nxd6 36. Bd7 Bxc2 37. Kf2 Ra3 0-1

[Event "Let's Play Chess!"]
[Site "http://www.queenalice.com/game.php?id=935870"]
[Date "2011.5.9"]
[Round "-"]
[White "Amos"]
[Black "Demig"]
[Result "1-0"]
[WhiteElo "2041"]
[BlackElo "1451"]

1. d4 e6 2. c4 Nc6 3. Nc3 d6 4. e4 Qf6 5. Nf3 e5 6. Nd5 Qd8 7. Be3 Be6 8. Be2
exd4 9. Nxd4 Nxd4 10. Bxd4 c5 11. Bc3 Nf6 12. Nxf6+ gxf6 13. O-O Bg7 14. Qd2 O-O
15. Rad1 d5 16. exd5 Qd6 17. dxe6 Qxd2 18. exf7+ Kh8 19. Rxd2 Rxf7 20. Bf3 Re8
21. Bh5 Kg8 22. Bxf7+ Kxf7 23. Rd7+ Re7 24. Rfd1 Bf8 25. f4 Kg8 26. Bxf6 Rf7 27.
Rxf7 Kxf7 28. Be5 Be7 29. Rd7 Ke8 30. Rxb7 Bf8 31. Rxa7 h6 32. a4 Be7 33. a5 Bd8
34. a6 1-0

[Event "Let's Play Chess!"]
[Site "http://www.queenalice.com/game.php?id=940338"]
[Date "2011.5.20"]
[Round "-"]
[White "Demig"]
[Black "redkitten"]
[Result "0-1"]
[WhiteElo "1454"]
[BlackElo "2009"]

1. d4 e5 2. d5 Bc5 3. Nh3 d6 4. e3 c6 5. Nc3 Bxh3 6. gxh3 Nf6 7. Bc4 cxd5 8.
Bb5+ Nbd7 9. Rg1 Rg8 10. Nxd5 Qa5+ 11. Nc3 Bb4 12. Qxd6 Bxd6 13. a3 a6 14. Bc4
Rc8 15. Bd3 Rxc3 16. b4 Bxb4 17. axb4 Qxa1 18. Kd1 e4 19. Kd2 exd3 20. f3 Rxc2+
0-1

[Event "Let's Play Chess!"]
[Site "http://www.queenalice.com/game.php?id=940339"]
[Date "2011.5.20"]
[Round "-"]
[White "spawnwolfwolverine"]
[Black "Demig"]
[Result "1-0"]
[WhiteElo "1674"]
[BlackElo "1428"]

1. d4 d5 2. e3 Be6 3. g3 Nf6 4. Bg2 Qd7 5. Ne2 Ne4 6. Bxe4 c6 7. Bg2 Bg4 8. O-O
g5 9. b3 Qd6 10. a4 Bg7 11. Nd2 Bf5 12. c4 Qh6 13. Bb2 O-O 14. cxd5 cxd5 15.
Bxd5 Qg6 16. Bxb7 Bc2 17. Qc1 Na6 18. Bxa8 Rxa8 19. f3 Bd3 20. Rf2 Nb4 21. Ba3
Rb8 22. Bxb4 Rxb4 23. f4 g4 24. Nc4 Rxb3 25. Ne5 Qa6 26. Nxd3 Qxd3 27. Qc8+ Bf8
28. Qxg4+ Bg7 29. e4 h5 30. Qxh5 Rb1+ 31. Rxb1 Qxb1+ 32. Kg2 Qxe4+ 33. Kh3 Qe3
34. Qf3 Qe6+ 35. g4 Qh6+ 36. Kg3 f5 37. Qd5+ e6 38. Qa8+ Bf8 39. gxf5 exf5 40.
Qd5+ Kh7 41. Qxf5+ Kh8 42. h4 Qg7+ 43. Qg5 Bb4 44. Qxg7+ Kxg7 45. d5 Bd6 46. Kg4
Bc5 47. Rg2 Be7 48. f5 Kf6 49. h5 Bf8 50. Kf4 Kf7 51. Kg5 Bg7 52. h6 Bh8 53. Nf4
a6 54. d6 Bf6+ 55. Kh5 a5 56. Nd5 Bh8 57. d7 Bf6 58. h7 Kf8 59. Kg6 Bg7 60. f6
Bh8 61. d8=Q# 1-0

[Event "Let's Play Chess!"]
[Site "http://www.queenalice.com/game.php?id=940340"]
[Date "2011.5.20"]
[Round "-"]
[White "Demig"]
[Black "spawnwolfwolverine"]
[Result "0-1"]
[WhiteElo "1452"]
[BlackElo "1688"]

1. Nc3 e6 2. d4 d5 3. g4 g6 4. Bh3 Bg7 5. e4 c6 6. g5 Ne7 7. exd5 Nxd5 8. Ne4
O-O 9. Qd3 Nd7 10. Nd6 N7b6 11. Bd2 Qxd6 12. Ne2 e5 13. Ba5 exd4 14. Nxd4 Bxd4
15. Bxc8 Bxb2 16. Bxb7 Bxa1 17. Bxa8 Nxa8 18. Bc3 Bxc3+ 19. Kd1 Qf4 20. f3 Nab6
21. Qe4 Qd2# 0-1

[Event "Let's Play Chess!"]
[Site "http://www.queenalice.com/game.php?id=940342"]
[Date "2011.5.20"]
[Round "-"]
[White "adelio"]
[Black "Demig"]
[Result "1-0"]
[WhiteElo "1797"]
[BlackElo "1445"]

1. g3 e5 2. b3 d5 3. a3 c5 4. d3 d4 5. e4 Nf6 6. h3 Nh5 7. Qxh5 Be6 8. Qxe5 Qd6
9. Qxd6 Bxd6 10. Ra2 Nc6 11. f4 f5 12. e5 Nxe5 13. fxe5 Bxe5 14. Bf4 Bd5 15. Rh2
Bf6 16. Re2+ Be7 17. Bd6 O-O-O 18. Rxe7 Rxd6 19. Rxg7 Re6+ 20. Kd1 Re3 21. c4
Bf3+ 22. Ne2 h5 23. Nd2 Rxd3 24. Kc1 Re8 25. Nxf3 Rxf3 26. Bg2 Rfe3 27. Bxb7+
Kd8 28. Rd2 d3 29. Nc3 Re1+ 30. Kb2 R8e3 31. Rg8+ Kc7 32. Rg7+ Kd8 33. Rg8+ Ke7
34. Nd5+ Kf7 35. Rg5 Rf3 36. Rxh5 Rff1 37. Nc3 Ra1 38. Bd5+ Kg6 39. Rh4 Kg5 40.
Rxd3 Rae1 41. Rf4 Rg1 42. h4+ Kf6 43. Ne4+ Ke5 44. Nxc5 Re2+ 45. Kc3 a5 46. Nd7+
Kd6 47. Bf3+ Kc7 48. Bxe2 Rg2 49. Bf1 Ra2 50. Rxf5 Rxa3 51. Rc5+ Kb7 52. Bg2+
Ka7 53. Rd6 a4 54. Rc7# 1-0

[Event "Let's Play Chess!"]
[Site "http://www.queenalice.com/game.php?id=940343"]
[Date "2011.5.20"]
[Round "-"]
[White "spawnwolfwolverine"]
[Black "Demig"]
[Result "1-0"]
[WhiteElo "1590"]
[BlackElo "1453"]

1. d4 d5 2. e3 g5 3. g3 g4 4. Be2 Bh6 5. Bxg4 Bxg4 6. Qxg4 Qd7 7. Qxd7+ Nxd7 8.
Ne2 Ngf6 9. O-O c5 10. c3 Ne4 11. Nf4 Ndf6 12. Nd2 O-O-O 13. Nxe4 b6 14. Nxf6 b5
15. Ng4 Bg5 16. a3 c4 17. Rb1 h5 18. Ne5 Rh7 19. b3 Rh6 20. Nxf7 h4 21. Nxh6
Bxh6 22. bxc4 dxc4 23. Rxb5 Kd7 24. Rb7+ Kc6 25. Rxe7 Bf8 26. Rxa7 Kb6 27. Rh7
Bd6 28. Rxh4 Be7 29. Rh6+ Kc7 30. Ne6+ Kd7 31. Nxd8 Bxd8 32. f4 Kc7 33. a4 Kb7
34. d5 Be7 35. d6 Bd8 36. e4 Kc8 37. e5 Kb7 38. a5 Bxa5 39. Bd2 Bb6+ 40. Kg2 Kc6
41. Rb1 Ba5 42. Rh7 Bd8 43. d7 Kc7 44. e6 Bf6 45. Be3 Kd6 46. f5 Bxc3 47. d8=Q+
Ke5 48. e7 Kxf5 49. e8=Q Bf6 50. Qh5+ 1-0

[Event "Challenge"]
[Site "http://www.queenalice.com/game.php?id=943619"]
[Date "2011.5.28"]
[Round "-"]
[White "edemarc"]
[Black "Demig"]
[Result "1-0"]
[WhiteElo "1653"]
[BlackElo "1451"]

1. e4 d5 2. e5 Nc6 3. Nf3 f5 4. d4 g6 5. Ng5 Bh6 6. Bb5 e6 7. c3 Bxg5 8. O-O a6
9. Bd3 b5 10. b4 Nh6 11. h3 f4 12. Nd2 Bh4 13. Nb3 g5 14. Qh5+ Nf7 15. Bxh7 Ke7
16. Qg6 a5 17. Nc5 a4 18. g3 Ncxe5 19. dxe5 Nxe5 20. Qg7+ Nf7 21. gxh4 Qf8 22.
Qg6 Ne5 23. Qh5 Qf7 24. Qxg5+ Ke8 25. Qxe5 Rxh7 26. Kh2 Rxh4 27. Rg1 Qh7 28. Kg2
Rxh3 29. Bxf4 Qh4 30. Rh1 Qg4+ 31. Bg3 Rxg3+ 32. fxg3 Qg6 33. Qh8+ Ke7 34. Rh7+
Kd6 35. Re1 e5 36. Qxe5+ Kc6 37. Qxc7# 1-0

[Event "Challenge"]
[Site "http://www.queenalice.com/game.php?id=945758"]
[Date "2011.6.3"]
[Round "-"]
[White "Demig"]
[Black "gillou23"]
[Result "1-0"]
[WhiteElo "1443"]
[BlackElo "1232"]

1. e4 Nc6 2. Bc4 Nf6 3. d3 e5 4. Nf3 d5 5. exd5 Nxd5 6. Bxd5 Qxd5 7. d4 Nxd4 8.
Nc3 Qc5 9. O-O f5 10. Qe1 Nxc2 11. Qxe5+ Qxe5 12. Nxe5 1-0

[Event "Let's Play Chess!"]
[Site "http://www.queenalice.com/game.php?id=951370"]
[Date "2011.6.18"]
[Round "-"]
[White "Belle1996"]
[Black "Demig"]
[Result "0-1"]
[WhiteElo "1016"]
[BlackElo "1442"]

1. e4 e5 2. d3 Bc5 3. Nf3 d6 4. g3 Nf6 5. Bg2 Nc6 6. O-O Be6 7. Bd2 g6 8. Bc3
O-O 9. Nbd2 Qd7 10. Bxe5 Nxe5 11. Nb3 b6 12. d4 Bc4 13. Re1 Rae8 14. Kh1 Re7 15.
Nh4 Nfg4 16. Kg1 Re6 17. Bf3 Rf6 18. Bxg4 Nxg4 19. dxc5 Nxf2 20. Qd4 Nh3+ 21.
Kg2 Rf2+ 22. Qxf2 Nxf2 23. Kxf2 f5 24. g4 fxe4+ 25. Kg2 Qxg4+ 26. Kh1 Bd5 27.
Nd4 Qxh4 28. Re2 Qh3 29. Rg1 e3+ 30. Rgg2 Rf1# 0-1

[Event "Let's Play Chess!"]
[Site "http://www.queenalice.com/game.php?id=952241"]
[Date "2011.6.22"]
[Round "-"]
[White "rotwein"]
[Black "Demig"]
[Result "1-0"]
[WhiteElo "2139"]
[BlackElo "1407"]

1. d4 Nc6 2. Nf3 d5 3. Bf4 e6 4. e3 Be7 5. Nbd2 Bf6 6. c3 Nh6 7. Bd3 Qe7 8. O-O
O-O 9. e4 e5 10. Bxh6 gxh6 11. exd5 Nxd4 12. cxd4 c6 13. dxe5 Bg7 14. d6 Qe6 15.
Re1 f5 16. Bc4 Qxc4 17. Nxc4 Be6 18. Na5 Rab8 19. Nd4 Bd5 20. e6 Rfe8 21. e7 Bf6
22. Nxf5 Bg5 23. d7 Bf6 24. dxe8=Q+ Rxe8 25. Qg4+ Bg5 26. h4 Kf7 27. hxg5 hxg5
28. Qh5+ Kf6 29. Qxe8 Kxf5 30. Qf8+ Kg4 31. e8=Q Kh4 32. Qh6+ 1-0

[Event "Let's Play Chess!"]
[Site "http://www.queenalice.com/game.php?id=952898"]
[Date "2011.6.22"]
[Round "-"]
[White "fortunato"]
[Black "Demig"]
[Result "1-0"]
[WhiteElo "2113"]
[BlackElo "1422"]

1. e4 d6 2. Nf3 e5 3. d4 Qe7 4. dxe5 dxe5 5. Bc4 Nc6 6. O-O Qd6 7. Nc3 Be6 8.
Nb5 Qd7 9. Qxd7+ Kxd7 10. Bxe6+ fxe6 11. Ng5 Nh6 12. Nxe6 Kxe6 13. Nxc7+ Kf6 14.
Nxa8 Bd6 15. Bxh6 Rxa8 16. Be3 Nb4 17. Rad1 Ke6 18. c3 Nxa2 19. Ra1 Nxc3 20.
bxc3 a5 21. Rfb1 Rc8 22. Rxa5 Rxc3 23. Rxb7 Rc6 24. Rxg7 Bb4 25. Raa7 Rc1+ 26.
Bxc1 Bc5 27. Ra6+ Bd6 28. Rxd6+ Kxd6 29. Rxh7 Kc5 30. Rd7 Kc4 31. h4 Kc3 32. h5
1-0

[Event "Challenge"]
[Site "http://www.queenalice.com/game.php?id=954096"]
[Date "2011.6.26"]
[Round "-"]
[White "Goudan"]
[Black "Demig"]
[Result "1-0"]
[WhiteElo "1485"]
[BlackElo "1420"]

1. e4 e5 2. Nf3 Bd6 3. Nc3 Nf6 4. Bc4 Qe7 5. O-O Bc5 6. d4 b5 7. Nxb5 Na6 8.
dxc5 Qxc5 9. Qe2 Bb7 10. Be3 Qc6 11. Nxe5 Qxe4 12. Bxf7+ Ke7 13. f4 d6 14. Nc3
Qf5 15. Bd4 Ne4 16. Nxe4 Bxe4 17. g4 Qxe5 18. fxe5 Rhf8 19. exd6+ Kxd6 20. Qxa6+
c6 21. Qa3+ Kd7 22. Rae1 Bd5 23. Qe7+ Kc8 24. Qxf8+ Kb7 25. Qxa8+ Kxa8 26. Bxd5
cxd5 27. Re7 Kb8 28. Rf8# 1-0

[Event "Challenge"]
[Site "http://www.queenalice.com/game.php?id=954097"]
[Date "2011.6.26"]
[Round "-"]
[White "Demig"]
[Black "Goudan"]
[Result "0-1"]
[WhiteElo "1444"]
[BlackElo "1455"]

1. d4 e6 2. Nf3 Nc6 3. Bf4 Nf6 4. Nc3 d5 5. e3 a6 6. Nb5 axb5 7. Bxb5 Bd7 8. c4
dxc4 9. Ne5 Nxe5 10. Bxe5 Bxb5 11. O-O Ba4 12. Qe2 Bb5 13. a4 Ba6 14. Rfc1 c3
15. Qc2 Bd6 16. Bxd6 Qxd6 17. Qxc3 O-O-O 18. Ra3 Ng4 19. f3 Qxh2# 0-1

[Event "Let's Play Chess!"]
[Site "http://www.queenalice.com/game.php?id=958006"]
[Date "2011.7.8"]
[Round "-"]
[White "Demig"]
[Black "NightGhost"]
[Result "0-1"]
[WhiteElo "1407"]
[BlackElo "1404"]

1. Nc3 e5 2. Nf3 Nc6 3. e4 Nf6 4. Bc4 Bc5 5. O-O O-O 6. Nd5 Nxe4 7. d3 Nf6 8.
Bd2 d6 9. Bg5 Be6 10. Nxf6+ gxf6 11. Bh6 Re8 12. Nh4 Kh8 13. Bxe6 fxe6 14. Qh5
Rg8 15. Qf7 Qe7 16. Qh5 Nd4 17. Rae1 Nf5 18. Nxf5 exf5 19. Qxf5 Rg6 20. Qh5 Rag8
21. g3 Qf7 22. Re4 Rxg3+ 23. hxg3 Qxh5 24. Rh4 Qxh4 25. c3 Rxg3# 0-1

[Event "Let's Play Chess!"]
[Site "http://www.queenalice.com/game.php?id=966906"]
[Date "2011.7.31"]
[Round "-"]
[White "Zorglubb"]
[Black "Demig"]
[Result "1-0"]
[WhiteElo "1227"]
[BlackElo "1433"]

1. e4 Nc6 2. Bc4 Nh6 3. d3 e5 4. Bxh6 gxh6 5. Nc3 Qf6 6. Qh5 Nd8 7. Nd5 Qg6 8.
Qxe5+ Ne6 9. Nxc7+ Kd8 10. Nxa8 Ke7 11. g3 f6 12. Qb8 Bg7 13. Qxa7 d6 14. Nb6
Qe8 15. Bxe6 Kxe6 16. Nxc8 Qxc8 17. Nf3 Qa8 18. Qxa8 Rxa8 19. Nd4+ Ke5 20. c3 d5
21. exd5 Kxd5 22. O-O Re8 23. Rfe1 Rf8 24. Ne6 Rf7 25. Nxg7 Rxg7 26. Re3 b5 27.
Rae1 1-0